000 00735nam a2200169 i 4500
001 52580
003 ES-MaACL
005 20230906162615.0
007 t|
008 030901s1926 fr ||||1| fre d
100 1 _aChénon, Emile.
_938344
245 1 0 _aHistoire générale du droit français public et privé des origines á 1815 /
_cpar Emile Chénon.
260 _aParis :
_bRecueil Sirey,
_c1926 (
_eBar-le-Duc :
_fImp. Contaut Laguerre)
300 _a2 v. ;
_c23 cm.
505 8 _aContiene: V. I: Periode gallo-romaine. Periode franko. Periode feodale et contumiere. -- V. II: Fasc. I: Periode feodale et contumiere (du X au XVI siecle). Periode monarchique / publie par les sous de Oliver-Martin
852 _aES-MaACL
_jA-1555-56
999 _c52580
_d52580